000 00589nam a2200217 a 4500
001 86419
003 BD-RjUL
005 20260504105651.0
008 260504s2024 bg ||||| |||| 00| 0 eng d
020 _a9789843563002
035 _a(BD-RjUL)86419
040 _aBD-RjUL
_beng
_cBD-RjUL
041 _aeng
082 _223
_a425
_bKAL 2024
100 _aKarim, Md. Rezaul
_918313
245 _aLearn English with Rezaul /
_cMd. Rezaul Karim
260 _aRajshahi :
_bMd. Rezaul Karim,
_c2024
300 _a712 p.;
_c22 cm.
650 _aEnglish language
_xGrammar
_918314
942 _2ddc
_cBK
999 _c86419
_d86419